| 000 | 00488nam a2200169Ia 4500 | ||
|---|---|---|---|
| 003 | SGT | ||
| 020 | _a9780070634344 | ||
| 082 |
_a621.381 _bMAL |
||
| 100 | _aMalvino,Albert | ||
| 245 | _aElectronic principles | ||
| 250 | _a7th Ed. | ||
| 260 |
_bTata McGraw Hill Education Private Limited _aNew Delhi _c2007 |
||
| 300 | _a1018p. | ||
| 650 | _aELECTRICAL ENGINEERING | ||
| 653 | _aDIODE CIRCUITS,SPECIAL - PURPOSE DIODES, TRANSISTOR FUNDAMENTALS, TRANSISTOR BIASING | ||
| 942 |
_2ddc _cBK _01 |
||
| 999 |
_c4994 _d4994 |
||